| 000 | 00619nam a2200193Ia 4500 | ||
|---|---|---|---|
| 008 | 240729s9999 xx 000 0 und d | ||
| 022 | _a2414-0201 | ||
| 245 | 0 | _aJournal for Religion, Film and Media | |
| 260 | _aAustria | ||
| 260 | _bKarl Franzens Universität Graz | ||
| 650 | _a Communication. Mass media | Philosophy. Psychology. Religion | ||
| 650 | _a Philology. Linguistics | ||
| 650 | _a Religion (General) | ||
| 650 | _a Religions. Mythology. Rationalism | ||
| 650 | _aLanguage and Literature | ||
| 856 | _uhttps://doaj.org/toc/f149dde8c9924c66883fc8f928e6d526 | ||
| 942 | _2ddc | ||
| 942 | _cDOAJEJ | ||
| 999 |
_c65978 _d65978 |
||
| 945 |
_a1 _bMadushi Gamage _c1 _dMadushi Gamage |
||